[Event "SVK Amateur-ch 2020"]
[Site "Topolcany"]
[Date "2020.07.13"]
[Round "6.3"]
[White "Oprea, Erik"]
[Black "Hasterok, Mateusz"]
[Result "1/2-1/2"]
[WhiteElo "2143"]
[BlackElo "2056"]
[Annotator "TA"]
[PlyCount "88"]
[EventDate "2020.07.10"]
[EventType "swiss"]
[EventCountry "SVK"]
[SourceTitle "playchess.com"]
[Source "ChessBase"]
[SourceQuality "1"]

{[%evp 9,88,24,22,20,19,9,30,25,22,27,29,7,17,14,23,0,0,-16,25,27,21,28,26,29,30,21,60,-18,0,0,0,-22,13,9,18,14,16,-42,-41,-51,0,0,0,0,114,-46,-40,-90,-29,-35,-41,-54,0,0,10,0,0,0,0,0,0,0,47,47,47,0,0,0,0,0,0,0,0,0,0,0,0,0,0,0,0]} 1. d4 f5 2. c4 Nf6 3. Nc3 g6 4. b3 Bg7 5. Bb2 O-O 6. Nf3 {A85: Dutch Defence: 2 c4 Nf6 3 Nc3.} d6 7. e3 Nc6 8. Be2 {White has an edge.} e5 9. d5 Ne7 10. Qc2 a6 11. O-O h6 {[#]} 12. Rfd1 $146 ({Predecessor:} 12. Nd2 g5 13. f4 gxf4 14. exf4 e4 15. Nd1 Qe8 16. Ne3 Qg6 17. Rab1 h5 18. Bxf6 Bxf6 {0-1 (35) Cardenas Prado,E-Nunez Donaire,E (1748) Arequipa 2013}) 12... g5 13. b4 f4 14. exf4 gxf4 15. Bd3 Bg4 16. h3 Bxf3 17. gxf3 Qe8 18. Kf1 (18. Kh2 $14) 18... Kh8 $11 19. Ke2 c6 {[%cal Rc6d5]} 20. Ne4 Rd8 21. Nxf6 Bxf6 22. Be4 Rg8 23. Rg1 (23. a4 $11) 23... cxd5 $15 24. Rxg8+ Qxg8 (24... Kxg8 $15 25. Rg1+ Kf8 26. cxd5 Qb5+ 27. Qd3 Qxb4) 25. cxd5 $11 Rc8 26. Qd3 Qg2 {[#]} (26... Bh4 $11 {keeps the balance.}) 27. Bf5 $2 (27. b5 $1 $16) 27... Rc7 $15 ({Not} 27... Nxf5 28. Qxf5 Rf8 29. Qe6 $16) 28. Bg4 {[#]} b5 (28... h5 $1 $17 {[%cal Rh5g4]} 29. Be6 Kg7) 29. Rf1 $1 $11 h5 30. Bxh5 Qg8 (30... Rc4 $15 31. a3 Qg5) 31. Rd1 Rc4 32. a3 Qc8 33. Bg4 Rc2+ 34. Rd2 Rxd2+ 35. Kxd2 Qb7 36. Be6 Qb6 37. Ke2 Bh4 {The position is equal.} 38. Kd2 Qxf2+ 39. Qe2 Qg1 40. Bxe5+ dxe5 41. Qxe5+ {[%mdl 64] Double Attack} Qg7 42. Qh5+ {[%mdl 64] Double Attack} Qh7 43. Qe5+ Qg7 44. Qh5+ {[%mdl 64] Double Attack} Qh7 {Accuracy: White = 78%, Black = 78%.} 1/2-1/2

[Event "SVK Amateur-ch 2020"]
[Site "Topolcany"]
[Date "2020.07.13"]
[Round "6.4"]
[White "Bango, Lukas"]
[Black "Fenik, Jozef ml."]
[Result "1-0"]
[WhiteElo "2153"]
[BlackElo "2100"]
[Annotator "TA"]
[PlyCount "102"]
[EventDate "2020.07.10"]
[EventType "swiss"]
[EventCountry "SVK"]
[SourceTitle "playchess.com"]
[Source "ChessBase"]
[SourceQuality "1"]

{[%evp 9,102,-22,16,-12,32,27,41,6,21,12,20,18,21,13,12,20,42,39,77,77,70,70,81,19,101,0,-6,-9,0,-14,-15,-27,-20,-2,0,0,0,0,2,0,4,0,45,45,52,52,55,52,52,52,55,54,51,55,53,46,104,71,237,122,356,177,415,408,400,268,400,406,371,367,531,514,528,498,605,588,3108,2297,29963,5708,6950,5941,29981,29982,29982,29983,29983,29984,29985,29982,29983,29984,29986,29987,29987]} 1. Nf3 d5 2. g3 c5 3. Bg2 Nc6 4. O-O e5 5. d3 h6 6. e4 {Black must now prevent exd5. A08: King's Indian Attack.} dxe4 7. dxe4 {[#]} Be6 $146 ({Predecessor:} 7... Qxd1 8. Rxd1 Bg4 9. c3 Nf6 10. Re1 c4 11. Nbd2 Be6 12. Bf1 Bc5 13. h3 g5 14. Nxc4 {1-0 (43) Cabezas Ayala,I (2316)-Poelman,G (1876) Gent 2013}) 8. Qe2 {White is slightly better.} (8. b3 {with more complications.} Nf6 9. Nc3 Qd6 10. Nb5 Qb8 11. Bb2) 8... Bd6 9. c3 Nf6 10. Na3 O-O 11. Rd1 Qb8 12. Nh4 Re8 13. Nf5 Bxf5 14. exf5 e4 15. Nc4 Bc7 16. a4 (16. Ne3 $16) 16... Ne5 {[#]} (16... Qc8 $11) 17. b4 (17. Nd2 $1 $16) 17... cxb4 $11 18. cxb4 Nd3 19. Bb2 Nxb2 20. Qxb2 Be5 21. Nxe5 Qxe5 22. Qxe5 Rxe5 23. Rac1 Rxf5 24. Rc7 b6 25. Re7 a5 26. Rxe4 axb4 27. Rxb4 Rb8 28. Rd6 Ra5 $1 29. Bc6 Kf8 30. Bb5 Ke7 31. Rc6 Ra7 32. Rbc4 Rbb7 {Black is on the road to losing.} ({Better is} 32... Rab7 $14) 33. Rc8 Kd6 $2 {[#]} (33... g6 $16) 34. Kg2 ({White should try} 34. R4c6+ $1 $18 Kd5 35. Kg2) 34... Ke7 $2 (34... Rc7 $16) 35. h4 (35. Rc1 $142) 35... Nd7 $2 (35... g5 {might work better.} 36. R8c6 Ng8) 36. Re4+ $18 Kd6 37. Rd8 Rc7 (37... h5 $142 38. Kf3 Rc7) 38. g4 Rab7 39. g5 hxg5 (39... Ra7 {is a better defense.} 40. Kf3 h5) 40. hxg5 Ra7 41. Kg3 Kc5 42. Re7 Kd6 43. Rxf7 Ke6 44. Rfxd7 {White threatens Re8+ and mate.} Rxd7 45. Rxd7 Rxd7 46. Bxd7+ {White mates.} Kxd7 {K3P-KPP} 47. f4 Ke6 48. Kg4 g6 49. Kf3 Kd5 50. Ke3 Kc4 {[#]} 51. f5 $1 {[%mdl 512]} Kd5 {Accuracy: White = 67%, Black = 47%.} (51... gxf5 52. g6) 1-0

[Event "SVK Amateur-ch 2020"]
[Site "Topolcany"]
[Date "2020.07.13"]
[Round "6.4"]
[White "Giertli, Vladimir"]
[Black "Bochnickova, Simona"]
[Result "1-0"]
[WhiteElo "2023"]
[BlackElo "1797"]
[Annotator "ChessBase"]
[PlyCount "41"]
[EventDate "2020.07.10"]
[EventType "swiss"]
[EventCountry "SVK"]
[SourceTitle "playchess.com"]
[Source "ChessBase"]
[SourceQuality "1"]
[TimeControl "3600+30"]

1. Nf3 {[%emt 0:05:26]} d5 {[%emt 0:00:00]} 2. c4 {[%emt 0:00:15]} c6 {[%emt 0:01:14]} 3. b3 {[%emt 0:01:50]} Nf6 {[%emt 0:00:43]} 4. Bb2 {[%emt 0:00:05]} Bf5 {[%emt 0:01:09]} 5. g3 {[%emt 0:00:35]} e6 {[%emt 0:00:31]} 6. Bg2 {[%emt 0:00:05]} h6 {[%emt 0:00:11]} 7. O-O {[%emt 0:00:14]} Be7 {[%emt 0:00:18]} 8. d4 {[%emt 0:00:46]} O-O {[%emt 0:06:11]} 9. Re1 {[%emt 0:02:00]} Nbd7 {[%emt 0:02:31]} 10. Nc3 {[%emt 0:00:42]} Bh7 {[%emt 0:01:30]} 11. Nd2 {[%emt 0:01:07]} a5 {[%emt 0:03:41]} 12. e4 {[%emt 0:00:39]} dxe4 {[%emt 0:00:17]} 13. Ndxe4 {[%emt 0:00:17]} Nxe4 {[%emt 0:00:23]} 14. Nxe4 {[%emt 0:00:29]} a4 {[%emt 0:00:50]} 15. Bc3 {[%emt 0:02:06]} axb3 {[%emt 0:00:44]} 16. axb3 {[%emt 0:00:01]} Qb6 {[%emt 0:00:25]} 17. Qc2 {[%emt 0:07:57]} c5 {[%emt 0:12:39]} 18. Qb2 {[%emt 0:01:04]} Rxa1 {[%emt 0:03:29]} 19. Rxa1 {[%emt 0:00:08]} f6 {[%emt 0:00:20]} 20. Ba5 {[%emt 0:01:07]} Qa7 {[%emt 0:02:21]} 21. Bc7 {[%emt 0:00:20]} 1-0

[Event "SVK Amateur-ch 2020"]
[Site "Topolcany"]
[Date "2020.07.13"]
[Round "6.5"]
[White "Pniaczek, Marek"]
[Black "Viczencz, Peter"]
[Result "1-0"]
[WhiteElo "2102"]
[BlackElo "2153"]
[Annotator "RC"]
[PlyCount "69"]
[EventDate "2020.07.10"]
[EventType "swiss"]
[EventCountry "SVK"]
[SourceTitle "playchess.com"]
[Source "ChessBase"]
[SourceQuality "1"]
[TimeControl "3600+30"]

1. e4 {[%emt 0:00:00]} c5 {[%emt 0:02:14]} 2. Nf3 {[%emt 0:00:00]} Nc6 {[%emt 0:00:06]} 3. d4 {[%emt 0:00:00]} cxd4 {[%emt 0:00:06]} 4. Nxd4 {[%emt 0:00:00]} g6 {[%emt 0:00:29]} 5. c4 {[%emt 0:00:17]} Bg7 {[%emt 0:00:06]} 6. Be3 {[%emt 0:00:10]} Nf6 {[%emt 0:00:57]} 7. Nc3 {[%emt 0:00:08]} O-O {[%emt 0:00:48]} 8. Be2 {[%emt 0:01:08]} d6 {[%emt 0:00:18]} 9. O-O {[%emt 0:00:27]} Nxd4 {[%emt 0:05:49]} 10. Bxd4 {[%emt 0:00:10]} Be6 {[%emt 0:00:24]} 11. Qd2 {[%emt 0:01:33]} Rc8 {[%emt 0:02:36]} 12. b3 {[%emt 0:00:45]} Qa5 {[%emt 0:00:46]} 13. Rad1 {[%emt 0:00:38]} a6 {[%emt 0:03:51]} 14. f4 {[%emt 0:08:18]} b5 {[%emt 0:05:43]} 15. f5 {[%emt 0:05:49]} Bd7 {[%emt 0:00:50]} 16. Bxf6 {[%emt 0:00:48]} Bxf6 {[%emt 0:01:10]} 17. Nd5 {[%emt 0:00:29]} Qxd2 {[%emt 0:00:07]} 18. Nxf6+ {[%emt 0:00:03]} Kg7 {[%emt 0:00:07]} 19. Rxd2 {[%emt 0:03:55]} Kxf6 {[%emt 0:00:29]} 20. fxg6+ {[%emt 0:00:06]} Kxg6 {[%emt 0:00:17]} 21. e5 {[%emt 0:00:06]} bxc4 {[%emt 0:05:24]} 22. Bxc4 {[%emt 0:00:24]} d5 {[%emt 0:00:13]} 23. Bxd5 {[%emt 0:01:19]} Bb5 {[%emt 0:00:20]} 24. Rf4 {[%emt 0:02:51]} Kg5 {[%emt 0:03:25]} 25. Rdd4 {[%emt 0:11:57]} Rc1+ {[%emt 0:01:35]} 26. Kf2 {[%emt 0:00:11]} e6 {[%emt 0:01:15]} 27. h4+ {[%emt 0:00:57]} Kg6 {[%emt 0:01:15]} 28. Rf6+ {[%emt 0:04:27]} Kg7 {[%emt 0:00:09]} 29. Rg4+ {[%emt 0:03:09]} Kh8 {[%emt 0:00:08]} 30. Be4 {[%emt 0:02:13]} Rf1+ {[%emt 0:00:31]} 31. Kg3 {[%emt 0:03:19]} Rxf6 {[%emt 0:00:06]} 32. exf6 {[%emt 0:00:03]} h6 {[%emt 0:00:14]} 33. Rg7 {[%emt 0:00:34]} Rg8 {[%emt 0:00:30]} 34. Rxg8+ {[%emt 0:00:06]} Kxg8 {[%emt 0:00:04]} 35. Kf4 {[%emt 0:00:10]} 1-0

[Event "SVK Amateur-ch 2020"]
[Site "Topolcany"]
[Date "2020.07.13"]
[Round "6.5"]
[White "Holly, Andrej"]
[Black "Skreko, Igor"]
[Result "0-1"]
[WhiteElo "2009"]
[BlackElo "1787"]
[Annotator "ChessBase"]
[PlyCount "89"]
[EventDate "2020.07.10"]
[EventType "swiss"]
[EventCountry "SVK"]
[SourceTitle "playchess.com"]
[Source "ChessBase"]
[SourceQuality "1"]
[TimeControl "3600+30"]

1. e4 {[%emt 0:00:00]} c5 {[%emt 0:00:00]} 2. Nf3 {[%emt 0:00:00]} d6 {[%emt 0:00:00]} 3. d4 {[%emt 0:00:00]} cxd4 {[%emt 0:00:00]} 4. Nxd4 {[%emt 0:00:00]} Nf6 {[%emt 0:00:00]} 5. Nc3 {[%emt 0:00:00]} a6 {[%emt 0:00:00]} 6. Be2 {[%emt 0:00:42]} e5 {[%emt 0:00:16]} 7. Nf3 {[%emt 0:00:20]} Be7 {[%emt 0:00:21]} 8. Bg5 {[%emt 0:00:29]} Nbd7 {[%emt 0:00:18]} 9. O-O {[%emt 0:01:33]} b5 {[%emt 0:01:14]} 10. a4 {[%emt 0:12:02]} b4 {[%emt 0:02:06]} 11. Nd5 {[%emt 0:00:20]} Bb7 {[%emt 0:08:36]} 12. Nxe7 {[%emt 0:10:43]} Qxe7 {[%emt 0:00:17]} 13. Nd2 {[%emt 0:00:46]} h6 {[%emt 0:02:24]} 14. Nc4 {[%emt 0:03:52]} d5 {[%emt 0:05:30]} 15. Bxf6 {[%emt 0:00:34]} Nxf6 {[%emt 0:00:09]} 16. exd5 {[%emt 0:03:46]} Bxd5 {[%emt 0:04:39]} 17. Ne3 {[%emt 0:06:55]} Be6 {[%emt 0:01:53]} 18. Bc4 {[%emt 0:01:35]} O-O {[%emt 0:02:47]} 19. Qe2 {[%emt 0:02:11]} a5 {[%emt 0:05:01]} 20. Bxe6 {[%emt 0:01:42]} Qxe6 {[%emt 0:00:06]} 21. Nc4 {[%emt 0:04:19]} Rfc8 {[%emt 0:02:44]} 22. b3 {[%emt 0:03:01]} Nd5 {[%emt 0:03:52]} 23. Rae1 {[%emt 0:00:32]} f6 {[%emt 0:03:11]} 24. f4 {[%emt 0:02:21]} Nb6 {[%emt 0:02:04]} 25. Qf3 {[%emt 0:04:27]} Nxc4 {[%emt 0:02:53]} 26. bxc4 {[%emt 0:00:02]} Qxc4 {[%emt 0:00:34]} 27. fxe5 {[%emt 0:01:53]} Qc5+ {[%emt 0:01:53]} 28. Kh1 {[%emt 0:00:20]} fxe5 {[%emt 0:00:29]} 29. Qb3+ {[%emt 0:02:35]} Kh8 {[%emt 0:01:56]} 30. Rf7 {[%emt 0:02:34]} Qxc2 {[%emt 0:01:42]} 31. Rf8+ {[%emt 0:00:21]} Kh7 {[%emt 0:02:56]} 32. Qxc2+ {[%emt 0:00:34]} Rxc2 {[%emt 0:00:04]} 33. Rxa8 {[%emt 0:00:39]} b3 {[%emt 0:00:50]} 34. Rd8 {[%emt 0:01:07]} b2 {[%emt 0:03:05]} 35. Rdd1 {[%emt 0:00:15]} Kg6 {[%emt 0:00:20]} 36. Rf1 {[%emt 0:03:15]} e4 {[%emt 0:00:51]} 37. h4 {[%emt 0:00:45]} e3 {[%emt 0:00:34]} 38. Rfe1 {[%emt 0:00:27]} e2 {[%emt 0:00:29]} 39. Rb1 {[%emt 0:00:08]} Kf5 {[%emt 0:00:28]} 40. Kg1 {[%emt 0:00:10]} Ke4 {[%emt 0:01:01]} 41. Kf2 {[%emt 0:00:05]} Kd3 {[%emt 0:01:18]} 42. Kf3 {[%emt 0:00:22]} Rd2 {[%emt 0:01:44]} 43. h5 {[%emt 0:03:14]} Kc2 {[%emt 0:02:03]} 44. Rxe2 {[%emt 0:00:32]} Rxe2 {[%emt 0:00:27]} 45. Kxe2 {[%emt 0:01:02]} 0-1

[Event "SVK Amateur-ch 2020"]
[Site "Topolcany"]
[Date "2020.07.13"]
[Round "6.6"]
[White "Macko, Michal"]
[Black "Suder, Jakub"]
[Result "0-1"]
[WhiteElo "2148"]
[BlackElo "2095"]
[Annotator "TA"]
[PlyCount "66"]
[EventDate "2020.07.10"]
[EventType "swiss"]
[EventCountry "SVK"]
[SourceTitle "playchess.com"]
[Source "ChessBase"]
[SourceQuality "1"]

{[%evp 19,66,19,52,15,19,-8,-10,-52,-53,-51,-48,-45,-35,-35,0,-34,0,0,115,115,96,108,177,115,181,227,331,312,427,43,55,0,0,0,0,0,0,0,0,-993,0,-3037,-1924,-1601,-1450,-29988,-29989,-29994,-29995]} 1. c4 e6 2. d4 d5 3. Nc3 a6 4. e3 Nf6 5. Nf3 Be7 6. b3 O-O 7. Bd3 b6 8. O-O Bb7 9. Qe2 Ne4 10. Bb2 Nd7 11. cxd5 {E14: Queen's Indian: Classical Variation (4 e3).} exd5 12. Rac1 Bd6 13. Bxe4 {The position is equal.} dxe4 14. Nd2 Qh4 {[%csl Gd6][%cal Rh4h2]} 15. g3 Qh3 {[#]} 16. Rfd1 $146 ({Predecessor:} 16. Nc4 Nf6 17. d5 Bb4 18. Ba3 Bxc3 19. Bxf8 Bxd5 20. Rxc3 Ng4 21. Qxg4 Qxg4 22. Ba3 Re8 23. Nd2 {0-1 (23) Holis,H-Managadze,N (2447) Athens 2000}) 16... f5 17. Qf1 Qh5 18. Nc4 Rf6 (18... Nf6 $11 {keeps the balance.}) 19. Nxd6 $16 cxd6 {[#]} 20. Ne2 $1 {Threatens to win with Rc7.} Rh6 {[#]} (20... Rf7 $16) 21. h3 $1 {[%mdl 512]} Nf6 {[#]} (21... a5 $16 {might work better.}) (21... Qxh3 22. Qxh3) 22. Rc7 $1 $18 Rb8 (22... Bd5 $142 23. Nf4 Qe8) 23. Nf4 Qf3 24. Rxb7 $2 (24. Rdc1 $18 {aiming for Qc4+.} Ne8 25. d5) 24... Rxb7 $14 25. Qc4+ (25. Rc1 $1 $14 b5 26. Rc8+ Kf7 27. d5) 25... Rf7 $1 $11 26. Rc1 Ng4 27. Rc2 Qd1+ 28. Kg2 b5 29. Qc8+ Rf8 30. Ne6 $2 {[%mdl 8192] [#]} (30. Qc7 $11) 30... Nxe3+ $1 {[%mdl 512]} 31. fxe3 Qf3+ 32. Kg1 Qxg3+ {[%mdl 64] Double Attack} 33. Kf1 Qxh3+ {What a bad dream for White. Accuracy: White = 53%, Black = 44%.} 0-1

[Event "SVK Amateur-ch 2020"]
[Site "Topolcany"]
[Date "2020.07.13"]
[Round "6.6"]
[White "Mesaros, Jan"]
[Black "Juan Mas, Santiago"]
[Result "1/2-1/2"]
[WhiteElo "1782"]
[BlackElo "1983"]
[Annotator "ChessBase"]
[PlyCount "63"]
[EventDate "2020.07.10"]
[EventType "swiss"]
[EventCountry "SVK"]
[SourceTitle "playchess.com"]
[Source "ChessBase"]
[SourceQuality "1"]
[TimeControl "3600+30"]

1. c4 {[%emt 0:00:10]} e5 {[%emt 0:00:00]} 2. Nc3 {[%emt 0:00:10]} g6 {[%emt 0:01:32]} 3. e4 {[%emt 0:00:09]} Bg7 {[%emt 0:00:15]} 4. g3 {[%emt 0:00:23]} Ne7 {[%emt 0:00:28]} 5. Bg2 {[%emt 0:00:17]} O-O {[%emt 0:00:26]} 6. Nge2 {[%emt 0:00:13]} d6 {[%emt 0:00:37]} 7. O-O {[%emt 0:00:25]} Nbc6 {[%emt 0:00:40]} 8. d3 {[%emt 0:00:30]} h6 {[%emt 0:10:07]} 9. Rb1 {[%emt 0:01:40]} Bd7 {[%emt 0:05:12]} 10. Nd5 {[%emt 0:00:49]} Nxd5 {[%emt 0:02:11]} 11. cxd5 {[%emt 0:00:10]} Ne7 {[%emt 0:00:09]} 12. Be3 {[%emt 0:02:08]} c6 {[%emt 0:03:05]} 13. d4 {[%emt 0:01:11]} cxd5 {[%emt 0:09:16]} 14. dxe5 {[%emt 0:00:19]} dxe4 {[%emt 0:08:30]} 15. exd6 {[%emt 0:00:13]} Nf5 {[%emt 0:00:30]} 16. Qd2 {[%emt 0:03:43]} Bb5 {[%emt 0:02:38]} 17. Rfd1 {[%emt 0:00:37]} Bd3 {[%emt 0:00:37]} 18. Rbc1 {[%emt 0:00:33]} Nxd6 {[%emt 0:01:34]} 19. b3 {[%emt 0:01:54]} Nf5 {[%emt 0:03:42]} 20. Nf4 {[%emt 0:00:22]} Nxe3 {[%emt 0:00:56]} 21. Qxe3 {[%emt 0:02:53]} Bd4 {[%emt 0:02:52]} 22. Qe1 {[%emt 0:00:24]} Re8 {[%emt 0:01:58]} 23. Nxd3 {[%emt 0:00:39]} exd3 {[%emt 0:00:20]} 24. Qd2 {[%emt 0:01:09]} Qb6 {[%emt 0:01:28]} 25. Bf1 {[%emt 0:02:28]} Re6 {[%emt 0:08:20]} 26. Bxd3 {[%emt 0:03:17]} Rf6 {[%emt 0:00:30]} 27. Rf1 {[%emt 0:00:30]} Rd8 {[%emt 0:01:10]} 28. Qe2 {[%emt 0:02:26]} Rxf2 {[%emt 0:01:55]} 29. Rxf2 {[%emt 0:05:51]} Bxf2+ {[%emt 0:00:30]} 30. Kg2 {[%emt 0:00:30]} Be3 {[%emt 0:00:30]} 31. Rd1 {[%emt 0:00:30]} Qc6+ {[%emt 0:00:30]} 32. Qf3 {[%emt 0:00:30]} 1/2-1/2

[Event "SVK Amateur-ch 2020"]
[Site "Topolcany"]
[Date "2020.07.13"]
[Round "6.7"]
[White "Pietrzak, Tomasz"]
[Black "Cedzo, Adam"]
[Result "0-1"]
[WhiteElo "1896"]
[BlackElo "1974"]
[Annotator "ChessBase"]
[PlyCount "91"]
[EventDate "2020.07.10"]
[EventType "swiss"]
[EventCountry "SVK"]
[SourceTitle "playchess.com"]
[Source "ChessBase"]
[SourceQuality "1"]
[TimeControl "3600+30"]

1. d4 {[%emt 0:00:00]} Nf6 {[%emt 0:02:17]} 2. c4 {[%emt 0:00:00]} g6 {[%emt 0:00:24]} 3. Nc3 {[%emt 0:00:00]} Bg7 {[%emt 0:00:36]} 4. e4 {[%emt 0:01:53]} d6 {[%emt 0:01:40]} 5. Be2 {[%emt 0:00:05]} Nbd7 {[%emt 0:00:15]} 6. Be3 {[%emt 0:00:06]} e5 {[%emt 0:00:14]} 7. d5 {[%emt 0:00:05]} O-O {[%emt 0:00:24]} 8. g4 {[%emt 0:00:51]} Ne8 {[%emt 0:12:46]} 9. Qd2 {[%emt 0:03:48]} Nc5 {[%emt 0:09:09]} 10. b4 {[%emt 0:05:52]} Na6 {[%emt 0:00:34]} 11. Nb5 {[%emt 0:07:42]} c5 {[%emt 0:04:11]} 12. dxc6 {[%emt 0:00:29]} bxc6 {[%emt 0:02:35]} 13. Nxa7 {[%emt 0:00:50]} Bb7 {[%emt 0:00:43]} 14. b5 {[%emt 0:01:57]} cxb5 {[%emt 0:08:17]} 15. cxb5 {[%emt 0:00:40]} Nb8 {[%emt 0:01:35]} 16. f3 {[%emt 0:07:49]} f5 {[%emt 0:01:12]} 17. Bc4+ {[%emt 0:04:07]} Kh8 {[%emt 0:00:04]} 18. Bd5 {[%emt 0:01:34]} Bxd5 {[%emt 0:00:12]} 19. Qxd5 {[%emt 0:01:50]} Qa5+ {[%emt 0:00:10]} 20. Qd2 {[%emt 0:06:32]} Rxa7 {[%emt 0:00:32]} 21. Bxa7 {[%emt 0:01:55]} Qxa7 {[%emt 0:00:09]} 22. Nh3 {[%emt 0:06:49]} fxg4 {[%emt 0:01:40]} 23. fxg4 {[%emt 0:00:15]} Rf3 {[%emt 0:05:16]} 24. Nf2 {[%emt 0:01:50]} Bh6 {[%emt 0:01:11]} 25. Qc2 {[%emt 0:05:58]} Qa5+ {[%emt 0:07:44]} 26. Ke2 {[%emt 0:01:14]} Re3+ {[%emt 0:00:38]} 27. Kf1 {[%emt 0:01:03]} Qxb5+ {[%emt 0:01:22]} 28. Kg2 {[%emt 0:00:05]} Re2 {[%emt 0:00:32]} 29. Qb3 {[%emt 0:00:44]} Qc5 {[%emt 0:02:34]} 30. Qf3 {[%emt 0:03:06]} Rc2 {[%emt 0:01:55]} 31. g5 {[%emt 0:03:30]} Bg7 {[%emt 0:01:49]} 32. Rhf1 {[%emt 0:00:12]} Qa7 {[%emt 0:02:14]} 33. Rac1 {[%emt 0:02:16]} Rc6 {[%emt 0:00:50]} 34. Ng4 {[%emt 0:01:00]} Qxa2+ {[%emt 0:00:34]} 35. Kh1 {[%emt 0:00:28]} Qe6 {[%emt 0:00:40]} 36. Nh6 {[%emt 0:00:49]} Rxc1 {[%emt 0:00:30]} 37. Rxc1 {[%emt 0:00:10]} Na6 {[%emt 0:00:29]} 38. Nf7+ {[%emt 0:00:34]} Kg8 {[%emt 0:00:30]} 39. Rf1 {[%emt 0:00:21]} Nc5 {[%emt 0:00:20]} 40. Qg2 {[%emt 0:00:53]} Nd3 {[%emt 0:00:29]} 41. Nd8 {[%emt 0:00:26]} Qc4 {[%emt 0:00:40]} 42. Qe2 {[%emt 0:00:33]} Qb3 {[%emt 0:00:30]} 43. Nf7 {[%emt 0:00:37]} Nf4 {[%emt 0:00:13]} 44. Qf3 {[%emt 0:00:31]} Qxf3+ {[%emt 0:00:09]} 45. Rxf3 {[%emt 0:00:04]} Kxf7 {[%emt 0:00:05]} 46. h4 {[%emt 0:00:20]} 0-1

[Event "SVK Amateur-ch 2020"]
[Site "Topolcany"]
[Date "2020.07.13"]
[Round "6.8"]
[White "Meers, Hubert"]
[Black "Kalisky, Vladimir"]
[Result "0-1"]
[WhiteElo "2037"]
[BlackElo "2128"]
[Annotator "ChessBase"]
[PlyCount "96"]
[EventDate "2020.07.10"]
[EventType "swiss"]
[EventCountry "SVK"]
[SourceTitle "playchess.com"]
[Source "ChessBase"]
[SourceQuality "1"]
[TimeControl "3600+30"]

1. e4 {[%emt 0:00:00]} e5 {[%emt 0:00:00]} 2. Nf3 {[%emt 0:00:00]} Nc6 {[%emt 0:00:00]} 3. Bb5 {[%emt 0:00:00]} Nf6 {[%emt 0:00:00]} 4. Nc3 {[%emt 0:00:00]} d6 {[%emt 0:00:32]} 5. d4 {[%emt 0:00:00]} exd4 {[%emt 0:00:09]} 6. Nxd4 {[%emt 0:00:00]} Bd7 {[%emt 0:00:09]} 7. Bxc6 {[%emt 0:00:06]} bxc6 {[%emt 0:00:06]} 8. Qf3 {[%emt 0:02:12]} h6 {[%emt 0:07:42]} 9. O-O {[%emt 0:01:14]} c5 {[%emt 0:07:26]} 10. Nf5 {[%emt 0:01:36]} g6 {[%emt 0:05:50]} 11. Ne3 {[%emt 0:06:21]} Bg7 {[%emt 0:00:20]} 12. Nc4 {[%emt 0:08:10]} O-O {[%emt 0:04:57]} 13. Bf4 {[%emt 0:01:19]} Be6 {[%emt 0:05:00]} 14. Nd5 {[%emt 0:01:00]} Nh5 {[%emt 0:01:53]} 15. Rad1 {[%emt 0:03:01]} Rb8 {[%emt 0:10:06]} 16. c3 {[%emt 0:07:38]} Qd7 {[%emt 0:08:32]} 17. Qe3 {[%emt 0:10:52]} Kh7 {[%emt 0:02:44]} 18. b3 {[%emt 0:11:50]} Rbe8 {[%emt 0:03:41]} 19. Qd2 {[%emt 0:05:35]} f5 {[%emt 0:03:53]} 20. Nxc7 {[%emt 0:08:07]} Qxc7 {[%emt 0:01:57]} 21. Bxd6 {[%emt 0:00:12]} Qc6 {[%emt 0:01:14]} 22. Bxf8 {[%emt 0:00:11]} Rxf8 {[%emt 0:00:47]} 23. Qd6 {[%emt 0:00:51]} Qxd6 {[%emt 0:01:44]} 24. Rxd6 {[%emt 0:00:12]} Bxc4 {[%emt 0:01:20]} 25. bxc4 {[%emt 0:00:02]} Bxc3 {[%emt 0:00:28]} 26. Rd7+ {[%emt 0:00:53]} Kg8 {[%emt 0:00:16]} 27. exf5 {[%emt 0:00:37]} Rxf5 {[%emt 0:00:09]} 28. Re1 {[%emt 0:00:40]} Bxe1 {[%emt 0:00:03]} 29. g4 {[%emt 0:00:20]} Bxf2+ {[%emt 0:00:21]} 30. Kg2 {[%emt 0:00:04]} Rf7 {[%emt 0:00:31]} 31. Rd8+ {[%emt 0:00:43]} Rf8 {[%emt 0:00:23]} 32. Rxf8+ {[%emt 0:00:05]} Kxf8 {[%emt 0:00:06]} 33. gxh5 {[%emt 0:00:03]} Bd4 {[%emt 0:00:11]} 34. hxg6 {[%emt 0:00:03]} Kg7 {[%emt 0:00:02]} 35. Kf3 {[%emt 0:00:18]} Kxg6 {[%emt 0:00:02]} 36. Ke4 {[%emt 0:00:05]} Kg5 {[%emt 0:00:09]} 37. Kd5 {[%emt 0:00:03]} Kh4 {[%emt 0:00:18]} 38. a4 {[%emt 0:00:27]} Kh3 {[%emt 0:00:48]} 39. a5 {[%emt 0:00:03]} Kxh2 {[%emt 0:00:52]} 40. a6 {[%emt 0:00:03]} h5 {[%emt 0:00:11]} 41. Kc6 {[%emt 0:00:03]} h4 {[%emt 0:00:10]} 42. Kb7 {[%emt 0:00:01]} h3 {[%emt 0:00:08]} 43. Kxa7 {[%emt 0:00:03]} Kg3 {[%emt 0:00:33]} 44. Kb8 {[%emt 0:00:51]} Be5+ {[%emt 0:00:12]} 45. Kb7 {[%emt 0:00:38]} h2 {[%emt 0:00:07]} 46. a7 {[%emt 0:00:03]} h1=Q+ {[%emt 0:00:20]} 47. Kb6 {[%emt 0:00:06]} Qa8 {[%emt 0:00:12]} 48. Kb5 {[%emt 0:00:03]} Qxa7 {[%emt 0:00:42]} 0-1

[Event "SVK Amateur-ch 2020"]
[Site "Topolcany"]
[Date "2020.07.13"]
[Round "6.8"]
[White "Blazek, Milos"]
[Black "Trasakova, Adela"]
[Result "1-0"]
[WhiteElo "1970"]
[BlackElo "1660"]
[Annotator "ChessBase"]
[PlyCount "45"]
[EventDate "2020.07.10"]
[EventType "swiss"]
[EventCountry "SVK"]
[SourceTitle "playchess.com"]
[Source "ChessBase"]
[SourceQuality "1"]
[TimeControl "3600+30"]

1. e4 {[%emt 0:00:00]} c6 {[%emt 0:00:00]} 2. d4 {[%emt 0:00:22]} d5 {[%emt 0:00:00]} 3. e5 {[%emt 0:00:33]} c5 {[%emt 0:00:00]} 4. c3 {[%emt 0:01:20]} Nc6 {[%emt 0:00:00]} 5. Be2 {[%emt 0:01:20]} Bf5 {[%emt 0:03:12]} 6. f4 {[%emt 0:01:39]} Qb6 {[%emt 0:02:30]} 7. dxc5 {[%emt 0:03:27]} Qxc5 {[%emt 0:00:49]} 8. Nd2 {[%emt 0:02:51]} Rd8 {[%emt 0:04:12]} 9. Ngf3 {[%emt 0:04:09]} Bg4 {[%emt 0:04:15]} 10. Nb3 {[%emt 0:01:42]} Qb6 {[%emt 0:00:25]} 11. Nfd4 {[%emt 0:06:20]} Bxe2 {[%emt 0:01:45]} 12. Qxe2 {[%emt 0:05:27]} e6 {[%emt 0:00:46]} 13. Be3 {[%emt 0:00:54]} Nxd4 {[%emt 0:01:53]} 14. Bxd4 {[%emt 0:03:13]} Qc6 {[%emt 0:03:55]} 15. Bxa7 {[%emt 0:05:04]} Qc4 {[%emt 0:08:34]} 16. Qxc4 {[%emt 0:04:45]} dxc4 {[%emt 0:00:08]} 17. Nd2 {[%emt 0:00:35]} b5 {[%emt 0:01:47]} 18. a4 {[%emt 0:00:58]} Ra8 {[%emt 0:02:17]} 19. axb5 {[%emt 0:04:34]} Bc5 {[%emt 0:01:03]} 20. Nxc4 {[%emt 0:00:22]} Rxa7 {[%emt 0:01:40]} 21. Nd6+ {[%emt 0:00:59]} Kd7 {[%emt 0:01:41]} 22. Rxa7+ {[%emt 0:00:33]} Bxa7 {[%emt 0:00:09]} 23. Nxf7 {[%emt 0:00:08]} 1-0